000 00715nam a2200217 i 4500
001 79915
003 ES-MaACL
005 20250721144336.0
007 t|
008 041025s1968 sp a |||| | spa d
080 _a52(02)
100 1 _aHerrmann, Joachim.
_963374
245 1 3 _aLa astronomía conquista el Universo
_b: un estudio del cielo y las estrellas /
_cJoachim Herrmann ; [traducción, Vicente de Artadi y Mario Lleget].
260 _a[Barcelona] :
_bCírculo de Lectores,
_c[1968]
300 _a408 p. :
_bil. ;
_c20 cm.
650 7 _aAstronomía
_2embne
_910386
700 1 _aArtadi, Vicente de.
_923414
700 1 _aLleget, Marius.
_972750
852 _aES-MaACL
_jG-8414
999 _c79915
_d79915